| 000 | 00829nam a2200241 i 4500 | ||
|---|---|---|---|
| 001 | 186370 | ||
| 003 | SpMaBN | ||
| 005 | 20230906222645.0 | ||
| 008 | 161031s1985 sp c |||| |dspa d | ||
| 020 | _a84-7291-743-6 | ||
| 080 | _a111.85 | ||
| 100 | 1 |
_aSchelling, Friedrich Wilhelm Joseph. _9104293 |
|
| 245 | 1 | 3 |
_aLa relación del arte con la naturaleza / _cFriedrich Schelling ; [traducción, Alfonso Castaño Piñán]. |
| 260 |
_aMadrid : _bSarpe, _c[1985] |
||
| 300 |
_a115 p. : _b1 retr. ; _c19 cm. |
||
| 490 | 1 |
_aLos grandes pensadores ; _v68 |
|
| 500 | _aCronología. | ||
| 504 | _aBibliografía: p. [29-31] | ||
| 650 | 0 | 7 |
_aArte- _xFilosofía. _910099 |
| 830 | 0 |
_aLos grandes pensadores ; _v68 _9182825 |
|
| 852 |
_aES-MaACL _jL-30737 _z- enc. guaflex _z. - Donat. Miguel A. Velasco |
||
| 999 |
_c186370 _d186370 |
||